| 000 | 00957 a2200205 4500 | ||
|---|---|---|---|
| 003 | Nust | ||
| 005 | 20221020103751.0 | ||
| 010 | _a 2010481187 | ||
| 020 | _a00240361061 | ||
| 040 | _cNust | ||
| 082 | 0 | 0 | _a620.106,WHI |
| 100 | 1 |
_aWhite, Frank M. _93282 |
|
| 245 | 1 | 0 |
_aFluid mechanics / _cFrank M. White. |
| 250 | _a7th ed. | ||
| 260 |
_aNew York, N.Y. : _bMcGraw Hill, _c2011. |
||
| 300 |
_axv, 862 p. : _bill. ; _c25 cm.+ _e1CD-ROM (4 3/4 in.) |
||
| 505 | _aIntroduction (Page-1), Pressure Distribution in a Fluid (Page-65), Integral Relation for a Control Volume (Page-143), Differential Relations for Fluid Flow (Page-235), Dimensional Analysis and Similarity (Page-301), Viscous Flow In Ducts (Page-357), Flow Past Immersed Bodies (Page-669), Potential Flow and Computational Fluid Dynamics (Page-541), Comressible Flow (Page-623), Open Channel Flow (Page-715), Turbomachinery (Page-773), | ||
| 650 | 0 | _aFluid mechanics. | |
| 942 |
_2ddc _cBK |
||
| 999 |
_c189488 _d189488 |
||